| 000 | 00739na a2200241 4500 | ||
|---|---|---|---|
| 001 | 20889 | ||
| 003 | MIRAKIL | ||
| 005 | 20181213155149.0 | ||
| 008 | 170127b tu 000 0 | ||
| 040 |
_aMilas _btur _cTR-AnCHP |
||
| 041 | _atur | ||
| 082 |
_a324.2372 _bC85h 1998 |
||
| 090 | _a324.2372 C85h 1998 | ||
| 110 | _aCumhuriyetçi Türk Partisi (CTP) | ||
| 245 |
_aHalkımız daha iyisine layıktır _cCTP |
||
| 260 |
_aLefkoşa _bCTP _c1998 |
||
| 300 |
_a132 s. _c21 s. |
||
| 610 |
_aCumhuriyetçi Türk Partisi (CTP) _xBildirgeler |
||
| 610 |
_aCumhuriyetçi Türk Partisi (CTP) _xPropaganda ve ideolojiler |
||
| 650 |
_aSosyal demokrat partiler _zKıbrıs |
||
| 710 | _aCumhuriyetçi Türk Partisi (CTP) | ||
| 942 |
_2ddc _cBKS |
||
| 999 |
_c7780 _d7780 |
||